000 01047nam a22003137a 4500
001 BR9803342
003 BR-BrBNA
005 20230928100030.0
007 ta
008 230509b bl.||||| |||| 00| 0 por d
040 _aBR-BrBNA
_bpor
_cBiblioteca Nacional de Agricultura
041 _a(Por)
072 _aL02
_b5120
090 _ 5120 BR9803342
100 1 _aRezende, A.S.C. de
110 1 _aUniversidade Federal de Minas Gerais, Belo Horizonte (Brasil). Escola de Veterinaria
_0Tese (Doutor em Ciencia Animal)
245 1 _aEfeito de dois diferentes programas nutriconais sobre o desenvolvimento corporal e a ocorrencia de alteracoes ortopedicas em potros Mangalarga Marchador
260 3 _aBelo Horizonte, MG (Brasil):
_c1997.
300 _a171 p.
500 _aBibliography (96 ref.); Summaries (Eng, Por); 4 graphs; 19 tables
650 _aPotro
650 _aManga Larga
650 _aMineral
650 _aCrescimento
650 _aPeso
650 _aMaturidade
909 _a202309
_bLucia
_c55
_dLucia Elande
942 _cBK
999 _c59966
_d59966